[Event "Udaipur Holi Cup 6th"]
[Site "Udaipur"]
[Date "2024.04.04"]
[Round "9"]
[White "Rachit, H Gurnani"]
[Black "Niladri, Banerjee"]
[Result "1-0"]
[WhiteElo "1865"]
[BlackElo "1771"]
[PlyCount "63"]
[EventDate "2024.03.31"]
[EventType "swiss"]
[EventRounds "9"]
[EventCountry "IND"]
[SourceTitle "CB16_2024"]
[SourceDate "2024.04.17"]
[SourceVersion "1"]
[SourceVersionDate "2024.04.17"]
[SourceQuality "1"]

1. d4 Nf6 2. Nc3 g6 3. e4 d6 4. Be3 Bg7 5. Qd2 0-0 6. f3 c6 7. Bh6 e5 8. Bxg7 Kxg7 9. 0-0-0 Qa5 10. h4 h5 11. g4 Re8 12. g5 Ng8 13. f4 Be6 14. a3 Nd7 15. f5 gxf5 16. d5 cxd5 17. exd5 Nb6 18. dxe6 Rxe6 19. Nge2 Ne7 20. Ng3 Rc8 21. Nxh5+ Kf8 22. Nf6 e4 23. Ncxe4 Qe5 24. Nc3 d5 25. Bb5 Qc7 26. h5 a6 27. h6 axb5 28. h7 Kg7 29. h8Q+ Rxh8 30. Rxh8 Kxh8 31. Rh1+ Kg7 32. Ne8+ 1-0

[Event "IND-ch U15 48th"]
[Site "Jalgaon"]
[Date "2023.12.30"]
[Round "5"]
[White "Niladri, Banerjee"]
[Black "Tejas Shah, Jihan"]
[Result "0-1"]
[WhiteElo "1651"]
[BlackElo "1891"]
[PlyCount "154"]
[EventDate "2023.12.27"]
[EventType "swiss"]
[EventRounds "11"]
[EventCountry "IND"]
[SourceTitle "CB02_2024"]
[SourceDate "2024.01.10"]
[SourceVersion "1"]
[SourceVersionDate "2024.01.10"]
[SourceQuality "1"]

1. d4 Nf6 2. c4 g6 3. Nc3 Bg7 4. e4 d6 5. h3 0-0 6. Nf3 e5 7. dxe5 dxe5 8. Bg5 Nbd7 9. Be2 Nc5 10. Qc2 c6 11. 0-0 Ne6 12. Be3 Nh5 13. Rad1 Qe7 14. g3 Bd7 15. c5 Nd4 16. Nxd4 exd4 17. Bxd4 Bxh3 18. Bxg7 Kxg7 19. Rfe1 Qxc5 20. b4 Qg5 21. Kh2 Be6 22. Qd2 Qxd2 23. Rxd2 Nf6 24. f4 Rfd8 25. Red1 Rxd2 26. Rxd2 Kf8 27. e5 Nd5 28. Ne4 Ke7 29. Nd6 Nxb4 30. Rb2 Nxa2 31. Rxb7+ Kf8 32. Bf3 a5 33. Bxc6 Rd8 34. Ra7 Rb8 35. g4 Nb4 36. Bf3 Nd3 37. Kg3 Rd8 38. Be4 Nc5 39. Bc6 a4 40. Ra5 Nd3 41. Rxa4 g5 42. f5 Bb3 43. Nxf7 Bxf7 44. e6 Be8 45. Ra7 Kg8 46. e7 Rc8 47. Bd5+ Kg7 48. Ra6 Ne5 49. f6+ Kh8 50. Rd6 Rc3+ 51. Kg2 Nxg4 52. Rd8 Nxf6 53. Bf7 Re3 54. Bxe8 Rxe7 55. Bd7+ Kg7 56. Bf5 Re5 57. Bb1 h5 58. Ra8 Re2+ 59. Kf1 Rb2 60. Ra7+ Kh6 61. Bd3 g4 62. Ra6 Kg5 63. Ra5+ Kh4 64. Rf5 Rb6 65. Kg2 Rd6 66. Bb5 Rd5 67. Rxd5 Nxd5 68. Bc6 Nf4+ 69. Kh2 Kg5 70. Be4 h4 71. Bb7 g3+ 72. Kg1 h3 73. Bf3 Kh4 74. Kh1 Nd3 75. Kg1 Nf2 76. Bh1 h2+ 77. Kg2 Kg4 0-1